000 00635nam a2200217Ia 4500
003 OSt
005 20250130111753.0
008 210716s1965 xx 000 0 und d
040 _cAIMIT LIBRARY
041 _aeng
082 _a808.83
_21
_bVIEP
100 _aViereck, Peter.
_9196212
245 _aMetapolitics:
_broots of the nazi mind /
_cBy Peter Viereck.
250 _a1st ed.
260 _aNew York :
_bCapricorn Books ;
_c1965.
300 _axxvii, 371,xxivp. ;
_bPB
_c18 cm.
440 _vI&II
650 _aGreenwich village warriors
_9196213
650 _aRooted german
_9196214
942 _2ddc
_cBK
_e1st ed.
_k808.83 VIEP
999 _c200594
_d200594